Basic pharmacology for nurses / (Record no. 10902)

MARC details
000 -LEADER
fixed length control field 01009cam a2200301 i 4500
003 - CONTROL NUMBER IDENTIFIER
control field URS
005 - DATE AND TIME OF LATEST TRANSACTION
control field 20220505131333.0
008 - FIXED-LENGTH DATA ELEMENTS--GENERAL INFORMATION
fixed length control field 071012s2007 moua b 001 0 eng
020 ## - INTERNATIONAL STANDARD BOOK NUMBER
International Standard Book Number 9780323035590 (pbk.)
020 ## - INTERNATIONAL STANDARD BOOK NUMBER
International Standard Book Number 0323035590 (pbk.)
040 ## - CATALOGING SOURCE
Description conventions rda
Transcribing agency URS
Language of cataloging English
050 00 - LIBRARY OF CONGRESS CALL NUMBER
Classification number RM300
Item number .C513 2007
100 1# - MAIN ENTRY--PERSONAL NAME
Personal name Clayton, Bruce D.,
Dates associated with a name 1947-
Relator term author.
245 10 - TITLE STATEMENT
Title Basic pharmacology for nurses /
Statement of responsibility, etc Bruce D. Clayton, Yvonne N. Stock, Renae D. Harroun.
250 ## - EDITION STATEMENT
Edition statement 14th edition
264 ## - PUBLICATION, DISTRIBUTION, ETC. (IMPRINT)
Place of publication, distribution, etc St. Louis, Mosby :
Name of publisher, distributor, etc Mosby,
Date of publication, distribution, etc ©2007.
300 ## - PHYSICAL DESCRIPTION
Extent xxi, 902 pages :
Other physical details illustrations ;
Dimensions 28 cm.
336 ## - CONTENT TYPE
Content type term text
Content type code txt
Source rdacontent
337 ## - MEDIA TYPE
Media type term unmediated
Media type code n
Source rdamedia
338 ## - CARRIER TYPE
Carrier type term volume
Carrier type code nc
Source rdacarrier
500 ## - GENERAL NOTE
General note Includes Mosby's GenRx internet drug reference.
504 ## - BIBLIOGRAPHY, ETC. NOTE
Bibliography, etc Includes bibliographical references (pages 873-875) and index.
650 #0 - SUBJECT ADDED ENTRY--TOPICAL TERM
Topical term or geographic name as entry element Pharmacology.
650 #0 - SUBJECT ADDED ENTRY--TOPICAL TERM
Topical term or geographic name as entry element Nursing.
700 1# - ADDED ENTRY--PERSONAL NAME
Personal name Stock, Yvonne N.
Relator term author.
700 1# - ADDED ENTRY--PERSONAL NAME
Personal name Harroun, Renae D.
Relator term author.
942 ## - ADDED ENTRY ELEMENTS (KOHA)
Source of classification or shelving scheme Library of Congress Classification
Koha item type Foreign Books
Holdings
Withdrawn status Lost status Source of classification or shelving scheme Damaged status Not for loan Collection code Home library Current library Shelving location Date acquired Source of acquisition Total Checkouts Full call number Barcode Date last seen Copy number Koha item type
    Library of Congress Classification     Non-fiction Taytay College Library Taytay College Library Nursing Collection 05/23/2018 Donation   RM300 .C513 2007 URSTAY-1477 06/04/2025 1 Foreign Books
    Library of Congress Classification     Non-fiction Taytay College Library Taytay College Library Nursing Collection 05/23/2018 Donation   RM300 .C513 2007 URSTAY-2650 06/04/2025 2 Foreign Books
    Library of Congress Classification     Non-fiction Taytay College Library Taytay College Library Nursing Collection 05/23/2018 Donation   RM300 .C513 2007 URSTAY-2651 06/04/2025 3 Foreign Books
    Library of Congress Classification     Non-fiction Taytay College Library Taytay College Library Nursing Collection 05/23/2018 Donation   RM300 .C513 2007 URSTAY-2652 06/04/2025 4 Foreign Books
    Library of Congress Classification     Non-fiction Taytay College Library Taytay College Library Nursing Collection 05/23/2018 Donation   RM300 .C513 2007 URSTAY-2653 06/04/2025 5 Foreign Books
    Library of Congress Classification     Non-fiction Taytay College Library Taytay College Library Nursing Collection 05/23/2018 Donationa   RM300 .C513 2007 URSTAY-4130 06/04/2025 6 Foreign Books

University of Rizal System
Email us at univlibservices@urs.edu.ph

Visit our Website www.urs.edu.ph/library